| 000 | 00377cam a22001217a 4500 | ||
|---|---|---|---|
| 008 | 180718b1977 xxu||||| |||| 00| 0 eng d | ||
| 082 | _aT39x54 P886 | ||
| 100 | _aPrasad, Prakash Charan | ||
| 245 |
_aForeign trade and commerce in ancient India _cby Prakash Charan Prasad |
||
| 260 |
_aNew Delhi _bAbhinav _c1977 |
||
| 300 | _a255p. | ||
| 650 | _aForeign commerce - India - 100 A.D. | ||
| 999 |
_c351700 _d351700 |
||